000 00858nam a22002417a 4500
003 OSt
005 20230127113446.0
008 221006b |||||||| |||| 00| 0 eng d
020 _a978 0 9725080 7 0
040 _cBiblioteca Lado V
082 _a708
_bH699m
100 _9262
_aHoffmann, Jeans
_eautor
245 _aMario Ybarra/
260 _aSan Francisco
_c2007
_bCCA Wattis Institute for Contemporary Arts
_bCalifornia Collage of the Arts
300 _c17x24cm
_a48p.
650 _2Tesauro de Arte & Arquitectura
_aARTE
650 _2Tesauro de Arte & Arquitectura
_aMURAL
650 _2Tesauro de Arte & Arquitectura
_aCATALOGO
650 _2Tesauro de Arte & Arquitectura
_aPINTURA
700 _aFitzsimmons, Claire
_eautora
_ecolaborador
700 _aYbarra Jr., Mario
_eautor
_ecolaborador
942 _2ddc
_c1
_h708
_iH699m
_n0
999 _c2964
_d2964